000 01576nam a2200493 i 4500
001 46291
003 KOSZ 005
005 20200525143032.0
008 050504s2004 pl a f |000 0 pol
015 _aPB 2005/8874
020 _a8373351884
040 _aWA N
_cWA N
_dKOSZ 005/HR
041 0 _apol
046 _k2004
080 _a532
080 _a534
080 _a624.01/.07
080 _a519.2
080 _a(07)
100 1 _aGryboś, Ryszard
_d(1931- )
_eAutor
245 1 0 _aDrgania konstrukcji wzbudzone przepływem /
_cRyszard Gryboś.
260 _aGliwice :
_bWydaw. Politechniki Śląskiej,
_c2004.
300 _a205, [1] s. :
_brys., wykr. ;
_c24 cm.
336 _2rdacontent
_aTekst
_btxt
337 _2rdamedia
_aBez urządzenia pośredniczącego
_bn
338 _2rdacarrier
_aWolumin
_bnc
380 _aKsiążki
380 _aPublikacje dydaktyczne
385 _mPoziom nauczania
_aSzkoły wyższe
388 _a2001-
504 _aBibliogr. s. 202-205.
650 4 _aKonstrukcje
650 4 _aMechanika budowli
650 4 _aProcesy stochastyczne
650 4 _aDrgania
650 4 _aMechanika płynów
655 4 _aPodręcznik
658 _aArchitektura i budownictwo
658 _aInżynieria i technika
710 2 _aPolitechnika Śląska (Gliwice)
_bWydawnictwo
_4pbl.
710 2 _aWydawnictwo Politechniki Śląskiej
_4pbl
856 _uhttp://koha.tu.koszalin.pl/cgi-bin/koha/opac-detail.pl?biblionumber=46291
_yKatalog online BPK
942 _2UKD
_cKS
999 _c46291
_d46291